Pokémon by First Three Letters - Statistics

General Stats
  • This quiz has been taken 182 times
    39 since last reset
  • The average score is 584 of 1025
Answer Stats
No. Type Pokémon % Correct
#0609 Ghost Fire Chandelure
100%
#0113 Normal Chansey
100%
#0935 Fire Charcadet
100%
#0006 Fire Flying Charizard
100%
#0737 Bug Electric Charjabug
100%
#0004 Fire Charmander
100%
#0005 Fire Charmeleon
100%
#0441 Normal Flying Chatot
100%
#0001 Grass Poison Bulbasaur
96%
#0010 Bug Caterpie
96%
#0931 Normal Flying Squawkabilly
96%
#0007 Water Squirtle
96%
#0013 Bug Poison Weedle
96%
#0070 Grass Poison Weepinbell
96%
#0110 Poison Weezing
96%
#0806 Fire Ghost Blacephalon
92%
#0009 Water Blastoise
92%
#0257 Fire Fighting Blaziken
92%
#0012 Bug Flying Butterfree
92%
#0023 Poison Ekans
92%
#0022 Normal Flying Fearow
92%
#0002 Grass Poison Ivysaur
92%
#0376 Steel Psychic Metagross
92%
#0375 Steel Psychic Metang
92%
#0011 Bug Metapod
92%
#0018 Normal Flying Pidgeot
92%
#0017 Normal Flying Pidgeotto
92%
#0016 Normal Flying Pidgey
92%
#0519 Normal Flying Pidove
92%
#0025 Electric Pikachu
92%
#0731 Normal Flying Pikipek
92%
#0026 Electric Raichu
92%
#0243 Electric Raikou
92%
#0021 Normal Flying Spearow
92%
#0897 Ghost Spectrier
92%
#0665 Bug Spewpa
92%
#0543 Bug Poison Venipede
92%
#0049 Bug Poison Venomoth
92%
#0048 Bug Poison Venonat
92%
#0003 Grass Poison Venusaur
92%
#0008 Water Wartortle
92%
#0024 Poison Arbok
88%
#0930 Grass Normal Arboliva
88%
#0015 Bug Poison Beedrill
88%
#0014 Bug Poison Kakuna
88%
#0020 Normal Raticate
88%
#0019 Normal Rattata
88%
#0374 Steel Psychic Beldum
83%
#0939 Electric Bellibolt
83%
#0182 Grass Bellossom
83%
#0069 Grass Poison Bellsprout
83%
#0042 Poison Flying Golbat
83%
#0118 Water Goldeen
83%
#0055 Water Golduck
83%
#0076 Rock Ground Golem
83%
#0622 Ground Ghost Golett
83%
#0768 Bug Water Golisopod
83%
#0623 Ground Ghost Golurk
83%
#0063 Psychic Abra
79%
#0059 Fire Arcanine
79%
#0493 Normal Arceus
79%
#1018 Steel Dragon Archaludon
79%
#0566 Rock Flying Archen
79%
#0567 Rock Flying Archeops
79%
#0997 Dragon Ice Arctibax
79%
#0883 Water Ice Arctovish
79%
#0881 Electric Ice Arctozolt
79%
#0882 Water Dragon Dracovish
79%
#0880 Electric Dragon Dracozolt
79%
#0691 Poison Dragon Dragalge
79%
#0887 Dragon Ghost Dragapult
79%
#0148 Dragon Dragonair
79%
#0149 Dragon Flying Dragonite
79%
#0886 Dragon Ghost Drakloak
79%
#0780 Normal Dragon Drampa
79%
#0452 Poison Dark Drapion
79%
#0147 Dragon Dratini
79%
#0133 Normal Eevee
79%
#0180 Electric Flaaffy
79%
#0669 Fairy Flabébé
79%
#0973 Flying Fighting Flamigo
79%
#0841 Grass Dragon Flapple
79%
#0136 Fire Flareon
79%
#0092 Ghost Poison Gastly
79%
#0423 Water Ground Gastrodon
79%
#0074 Rock Ground Geodude
79%
#0240 Fire Magby
79%
#0219 Fire Rock Magcargo
79%
#0801 Steel Fairy Magearna
79%
#0129 Water Magikarp
79%
#0126 Fire Magmar
79%
#0467 Fire Magmortar
79%
#0081 Electric Steel Magnemite
79%
#0082 Electric Steel Magneton
79%
#0462 Electric Steel Magnezone
79%
#0151 Psychic Mew
79%
#0150 Psychic Mewtwo
79%
#0146 Fire Flying Moltres
79%
#0844 Ground Sandaconda
79%
#0551 Ground Dark Sandile
79%
#0027 Ground Sandshrew
79%
#0028 Ground Sandslash
79%
#0769 Ghost Ground Sandygast
79%
#0989 Electric Ground Sandy Shocks
79%
#0117 Water Seadra
79%
#0119 Water Seaking
79%
#0364 Ice Water Sealeo
79%
#0134 Water Vaporeon
79%
#0065 Psychic Alakazam
75%
#0144 Ice Flying Articuno
75%
#0036 Fairy Clefable
75%
#0035 Fairy Clefairy
75%
#0173 Fairy Cleffa
75%
#0125 Electric Electabuzz
75%
#0466 Electric Electivire
75%
#0309 Electric Electrike
75%
#0101 Electric Electrode
75%
#0239 Electric Elekid
75%
#0956 Psychic Espathra
75%
#0196 Psychic Espeon
75%
#0677 Psychic Espurr
75%
#0160 Water Feraligatr
75%
#0597 Grass Steel Ferroseed
75%
#0598 Grass Steel Ferrothorn
75%
#0649 Bug Steel Genesect
75%
#0094 Ghost Poison Gengar
75%
#0471 Ice Glaceon
75%
#0362 Ice Glalie
75%
#0431 Normal Glameow
75%
#0896 Ice Glastrier
75%
#0044 Grass Poison Gloom
75%
#0810 Grass Grookey
75%
#0388 Grass Grotle
75%
#0383 Ground Groudon
75%
#0253 Grass Grovyle
75%
#0058 Fire Growlithe
75%
#0130 Water Flying Gyarados
75%
#0093 Ghost Poison Haunter
75%
#0107 Fighting Hitmonchan
75%
#0106 Fighting Hitmonlee
75%
#0237 Fighting Hitmontop
75%
#0135 Electric Jolteon
75%
#0595 Bug Electric Joltik
75%
#0064 Psychic Kadabra
75%
#0470 Grass Leafeon
75%
#0542 Bug Grass Leavanny
75%
#0068 Fighting Machamp
75%
#0067 Fighting Machoke
75%
#0066 Fighting Machop
75%
#0034 Poison Ground Nidoking
75%
#0031 Poison Ground Nidoqueen
75%
#0029 | #0032 Poison Nidoran
75%
#0030 Poison Nidorina
75%
#0033 Poison Nidorino
75%
#0043 Grass Poison Oddish
75%
#0054 Water Psyduck
75%
#0292 Bug Ghost Shedinja
75%
#0372 Dragon Shelgon
75%
#0090 Water Shellder
75%
#0422 Water Shellos
75%
#0616 Bug Shelmet
75%
#0080 Water Psychic Slowbro
75%
#0199 Water Psychic Slowking
75%
#0079 Water Psychic Slowpoke
75%
#0494 Psychic Fire Victini
75%
#0071 Grass Poison Victreebel
75%
#0145 Electric Flying Zapdos
75%
#0142 Rock Flying Aerodactyl
71%
#1002 Dark Ice Chien-Pao
71%
#0152 Grass Chikorita
71%
#0390 Fire Chimchar
71%
#0358 Psychic Chimecho
71%
#0170 Water Electric Chinchou
71%
#0433 Psychic Chingling
71%
#1004 Dark Fire Chi-Yu
71%
#0087 Water Ice Dewgong
71%
#0502 Water Dewott
71%
#0751 Water Bug Dewpider
71%
#0945 Poison Normal Grafaiai
71%
#0210 Fairy Granbull
71%
#0853 Fighting Grapploct
71%
#0075 Rock Ground Graveler
71%
#0088 Poison Grimer
71%
#0861 Dark Fairy Grimmsnarl
71%
#0039 Normal Fairy Jigglypuff
71%
#0089 Poison Muk
71%
#0095 Rock Ground Onix
71%
#0863 Steel Perrserker
71%
#0053 Normal Persian
71%
#0172 Electric Pichu
71%
#0186 Water Politoed
71%
#0060 Water Poliwag
71%
#0061 Water Poliwhirl
71%
#0062 Water Fighting Poliwrath
71%
#1012 Grass Ghost Poltchageist
71%
#0855 Ghost Polteageist
71%
#0077 Fire Ponyta
71%
#0730 Water Fairy Primarina
71%
#0057 Fighting Primeape
71%
#0394 Water Prinplup
71%
#0156 Fire Quilava
71%
#0651 Grass Quilladin
71%
#0123 Bug Flying Scyther
71%
#0872 Ice Bug Snom
71%
#0143 Normal Snorlax
71%
#0361 Ice Snorunt
71%
#0459 Grass Ice Snover
71%
#0700 Fairy Sylveon
71%
#0255 Fire Torchic
71%
#0324 Fire Torkoal
71%
#0641 Flying Tornadus
71%
#0726 Fire Torracat
71%
#0389 Grass Ground Torterra
71%
#0197 Dark Umbreon
71%
#0045 Grass Poison Vileplume
71%
#0041 Poison Flying Zubat
71%
#0168 Bug Poison Ariados
67%
#0153 Grass Bayleef
67%
#0341 Water Corphish
67%
#0222 Water Rock Corsola
67%
#0823 Flying Steel Corviknight
67%
#0822 Flying Corvisquire
67%
#0453 Poison Fighting Croagunk
67%
#0169 Poison Flying Crobat
67%
#0910 Fire Crocalor
67%
#0159 Water Croconaw
67%
#0301 Normal Delcatty
67%
#0225 Ice Flying Delibird
67%
#0655 Fire Psychic Delphox
67%
#0660 Normal Ground Diggersby
67%
#0050 Ground Diglett
67%
#0085 Normal Flying Dodrio
67%
#0084 Normal Flying Doduo
67%
#0051 Ground Dugtrio
67%
#0102 Grass Psychic Exeggcute
67%
#0103 Grass Psychic Exeggutor
67%
#0250 Fire Flying Ho-Oh
67%
#0720 Psychic Ghost Hoopa
67%
#0163 Normal Flying Hoothoot
67%
#0116 Water Horsea
67%
#0229 Dark Fire Houndoom
67%
#0228 Dark Fire Houndour
67%
#0972 Ghost Houndstone
67%
#0115 Normal Kangaskhan
67%
#0983 Dark Steel Kingambit
67%
#0230 Water Dragon Kingdra
67%
#0099 Water Kingler
67%
#0109 Poison Koffing
67%
#0645 Ground Flying Landorus
67%
#0171 Water Electric Lanturn
67%
#0490 Water Manaphy
67%
#0630 Dark Flying Mandibuzz
67%
#0310 Electric Manectric
67%
#0056 Fighting Mankey
67%
#0226 Water Flying Mantine
67%
#0458 Water Flying Mantyke
67%
#0556 Grass Maractus
67%
#0747 Poison Water Mareanie
67%
#0179 Electric Mareep
67%
#0183 Water Fairy Marill
67%
#0105 Ground Marowak
67%
#0802 Fighting Ghost Marshadow
67%
#0259 Water Ground Marshtomp
67%
#0154 Grass Meganium
67%
#0908 Grass Dark Meowscarada
67%
#0678 Psychic Meowstic
67%
#0052 Normal Meowth
67%
#0391 Fire Fighting Monferno
67%
#0290 Bug Ground Nincada
67%
#0038 Fire Ninetales
67%
#0291 Bug Flying Ninjask
67%
#0046 Bug Grass Paras
67%
#0047 Bug Grass Parasect
67%
#0195 Water Ground Quagsire
67%
#0914 Water Fighting Quaquaval
67%
#0912 Water Quaxly
67%
#0913 Water Quaxwell
67%
#0078 Fire Rapidash
67%
#0273 Grass Seedot
67%
#0086 Water Seel
67%
#0805 Rock Steel Stakataka
67%
#0234 Normal Stantler
67%
#0398 Normal Flying Staraptor
67%
#0397 Normal Flying Staravia
67%
#0396 Normal Flying Starly
67%
#0121 Water Psychic Starmie
67%
#0120 Water Staryu
67%
#0158 Water Totodile
67%
#0248 Rock Dark Tyranitar
67%
#0697 Rock Dragon Tyrantrum
67%
#0236 Fighting Tyrogue
67%
#0696 Rock Dragon Tyrunt
67%
#0313 Bug Volbeat
67%
#0721 Fire Water Volcanion
67%
#0637 Bug Fire Volcarona
67%
#0100 Electric Voltorb
67%
#0629 Dark Flying Vullaby
67%
#0037 Fire Vulpix
67%
#0040 Normal Fairy Wigglytuff
67%
#0960 Water Wiglett
67%
#0460 Grass Ice Abomasnow
63%
#0902 Water Ghost Basculegion
63%
#0550 Water Basculin
63%
#0411 Rock Steel Bastiodon
63%
#0614 Ice Beartic
63%
#0267 Bug Flying Beautifly
63%
#0703 Rock Fairy Carbink
63%
#0838 Rock Fire Carkol
63%
#0455 Grass Carnivine
63%
#0565 Water Rock Carracosta
63%
#0318 Water Dark Carvanha
63%
#0852 Fighting Clobbopus
63%
#0980 Poison Ground Clodsire
63%
#0091 Water Ice Cloyster
63%
#0613 Ice Cubchoo
63%
#0104 Ground Cubone
63%
#0155 Fire Cyndaquil
63%
#0132 Normal Ditto
63%
#0395 Water Steel Empoleon
63%
#0656 Water Froakie
63%
#0657 Water Frogadier
63%
#0478 Ice Ghost Froslass
63%
#0873 Ice Bug Frosmoth
63%
#0174 Normal Fairy Igglybuff
63%
#0124 Ice Psychic Jynx
63%
#0098 Water Krabby
63%
#0345 Rock Grass Lileep
63%
#0549 Grass Lilligant
63%
#0506 Normal Lillipup
63%
#0667 Fire Normal Litleo
63%
#0725 Fire Litten
63%
#0607 Ghost Fire Litwick
63%
#0249 Psychic Flying Lugia
63%
#0122 Psychic Fairy Mr. Mime
63%
#0446 Normal Munchlax
63%
#1015 Poison Psychic Munkidori
63%
#0517 Psychic Munna
63%
#0138 Rock Water Omanyte
63%
#0139 Rock Water Omastar
63%
#0871 Electric Pincurchin
63%
#0204 Bug Pineco
63%
#0127 Bug Pinsir
63%
#0728 Water Popplio
63%
#0409 Rock Rampardos
63%
#0384 Dragon Flying Rayquaza
63%
#0373 Dragon Flying Salamence
63%
#0757 Poison Fire Salandit
63%
#0758 Poison Fire Salazzle
63%
#0254 Grass Sceptile
63%
#0212 Bug Steel Scizor
63%
#0497 Grass Serperior
63%
#0496 Grass Servine
63%
#0218 Fire Slugma
63%
#0685 Fairy Slurpuff
63%
#0791 Psychic Steel Solgaleo
63%
#0577 Psychic Solosis
63%
#0338 Rock Psychic Solrock
63%
#0208 Steel Ground Steelix
63%
#0762 Grass Steenee
63%
#0333 Normal Flying Swablu
63%
#0541 Bug Grass Swadloon
63%
#0317 Poison Swalot
63%
#0260 Water Ground Swampert
63%
#0581 Water Flying Swanna
63%
#0072 Water Poison Tentacool
63%
#0073 Water Poison Tentacruel
63%
#0772 Normal Type: Null
63%
#0157 Fire Typhlosion
63%
#1009 Water Dragon Walking Wake
63%
#0365 Ice Water Walrein
63%
#0547 Grass Fairy Whimsicott
63%
#0544 Bug Poison Whirlipede
63%
#0340 Water Ground Whiscash
63%
#0293 Normal Whismur
63%
#0181 Electric Ampharos
58%
#0683 Fairy Aromatisse
58%
#0304 Steel Rock Aron
58%
#0184 Water Fairy Azumarill
58%
#0298 Normal Fairy Azurill
58%
#0824 Bug Blipbug
58%
#0242 Normal Blissey
58%
#0522 Electric Blitzle
58%
#0525 Rock Boldore
58%
#0836 Electric Boltund
58%
#0427 Normal Buneary
58%
#0659 Normal Bunnelby
58%
#0251 Psychic Grass Celebi
58%
#0797 Steel Flying Celesteela
58%
#0421 Grass Cherrim
58%
#0420 Grass Cherubi
58%
#0652 Grass Fighting Chesnaught
58%
#0650 Grass Chespin
58%
#0833 Water Chewtle
58%
#0366 Water Clamperl
58%
#0692 Water Clauncher
58%
#0693 Water Clawitzer
58%
#0344 Ground Psychic Claydol
58%
#0415 Bug Flying Combee
58%
#0256 Fire Fighting Combusken
58%
#0764 Fairy Comfey
58%
#0491 Dark Darkrai
58%
#0555 Fire Darmanitan
58%
#0723 Grass Flying Dartrix
58%
#0554 Fire Darumaka
58%
#0724 Grass Ghost Decidueye
58%
#0500 Fire Fighting Emboar
58%
#0244 Fire Entei
58%
#0083 Normal Flying Farfetch’d
58%
#0981 Normal Psychic Farigiraf
58%
#0653 Fire Fennekin
58%
#0662 Fire Flying Fletchinder
58%
#0661 Normal Flying Fletchling
58%
#0205 Bug Steel Forretress
58%
#0676 Normal Furfrou
58%
#0162 Normal Furret
58%
#0569 Poison Garbodor
58%
#0445 Dragon Ground Garchomp
58%
#0282 Psychic Fairy Gardevoir
58%
#0934 Rock Garganacl
58%
#0368 Water Gorebyss
58%
#0984 Ground Fighting Great Tusk
58%
#0971 Ghost Greavard
58%
#0820 Normal Greedent
58%
#0658 Water Dark Greninja
58%
#0856 Psychic Hatenna
58%
#0858 Psychic Fairy Hatterene
58%
#0857 Psychic Hattrem
58%
#0214 Bug Fighting Heracross
58%
#0507 Normal Herdier
58%
#0727 Fire Dark Incineroar
58%
#0392 Fire Fighting Infernape
58%
#1022 Rock Psychic Iron Boulder
58%
#0991 Ice Water Iron Bundle
58%
#1023 Steel Psychic Iron Crown
58%
#0992 Fighting Electric Iron Hands
58%
#0993 Dark Flying Iron Jugulis
58%
#1010 Grass Psychic Iron Leaves
58%
#0994 Fire Poison Iron Moth
58%
#0995 Rock Electric Iron Thorns
58%
#0990 Ground Steel Iron Treads
58%
#1006 Fairy Fighting Iron Valiant
58%
#0140 Rock Water Kabuto
58%
#0141 Rock Water Kabutops
58%
#0382 Water Kyogre
58%
#0131 Water Ice Lapras
58%
#0636 Bug Fire Larvesta
58%
#0246 Rock Ground Larvitar
58%
#0270 Water Grass Lotad
58%
#0439 Psychic Fairy Mime Jr.
58%
#0778 Ghost Fairy Mimikyu
58%
#0572 Normal Minccino
58%
#0774 Rock Flying Minior
58%
#0312 Electric Minun
58%
#0501 Water Oshawott
58%
#0393 Water Piplup
58%
#0137 Normal Porygon
58%
#0233 Normal Porygon2
58%
#0474 Normal Porygon-Z
58%
#0509 Dark Purrloin
58%
#0432 Normal Purugly
58%
#0280 Psychic Fairy Ralts
58%
#0369 Water Rock Relicanth
58%
#0953 Bug Rellor
58%
#0112 Ground Rock Rhydon
58%
#0111 Ground Rock Rhyhorn
58%
#0464 Ground Rock Rhyperior
58%
#0722 Grass Flying Rowlet
58%
#0503 Water Samurott
58%
#0545 Bug Poison Scolipede
58%
#0813 Fire Scorbunny
58%
#0952 Grass Fire Scovillain
58%
#0918 Bug Spidops
58%
#0167 Bug Poison Spinarak
58%
#0327 Normal Spinda
58%
#0442 Ghost Dark Spiritomb
58%
#0245 Water Suicune
58%
#0924 Normal Tandemaus
58%
#0114 Grass Tangela
58%
#0465 Grass Tangrowth
58%
#0498 Fire Tepig
58%
#1024 Normal Terapagos
58%
#0639 Rock Fighting Terrakion
58%
#0252 Grass Treecko
58%
#0709 Ghost Grass Trevenant
58%
#0776 Fire Dragon Turtonator
58%
#0387 Grass Turtwig
58%
#0416 Bug Flying Vespiquen
58%
#0306 Steel Rock Aggron
54%
#0334 Dragon Flying Altaria
54%
#0842 Grass Dragon Appletun
54%
#0840 Grass Dragon Applin
54%
#0348 Rock Bug Armaldo
54%
#0936 Fire Psychic Armarouge
54%
#0712 Ice Bergmite
54%
#0399 Normal Bidoof
54%
#0654 Fire Braixen
54%
#0947 Grass Ghost Brambleghast
54%
#0946 Grass Ghost Bramblin
54%
#0628 Normal Flying Braviary
54%
#0412 Bug Burmy
54%
#0268 Bug Cascoon
54%
#0351 Normal Castform
54%
#0546 Grass Fairy Cottonee
54%
#0740 Fighting Ice Crabominable
54%
#0739 Fighting Crabrawler
54%
#0346 Rock Grass Cradily
54%
#0845 Flying Water Cramorant
54%
#0408 Rock Cranidos
54%
#0342 Water Dark Crawdaunt
54%
#0633 Dark Dragon Deino
54%
#0386 Psychic Deoxys
54%
#0977 Water Dondozo
54%
#0232 Ground Donphan
54%
#0426 Ghost Flying Drifblim
54%
#0425 Ghost Flying Drifloon
54%
#0529 Ground Drilbur
54%
#0817 Water Drizzile
54%
#0096 Psychic Drowzee
54%
#0580 Water Flying Ducklett
54%
#0356 Ghost Dusclops
54%
#0477 Ghost Dusknoir
54%
#0355 Ghost Duskull
54%
#0269 Bug Poison Dustox
54%
#0587 Electric Flying Emolga
54%
#0611 Dragon Fraxure
54%
#0475 Psychic Fighting Gallade
54%
#0596 Bug Electric Galvantula
54%
#0631 Fire Heatmor
54%
#0485 Fire Steel Heatran
54%
#0187 Grass Flying Hoppip
54%
#0385 Steel Psychic Jirachi
54%
#0647 Water Fighting Keldeo
54%
#0281 Psychic Fairy Kirlia
54%
#0608 Ghost Fire Lampent
54%
#0166 Bug Flying Ledian
54%
#0165 Bug Flying Ledyba
54%
#0463 Normal Lickilicky
54%
#0108 Normal Lickitung
54%
#0448 Fighting Steel Lucario
54%
#0272 Water Grass Ludicolo
54%
#0792 Psychic Ghost Lunala
54%
#0337 Rock Psychic Lunatone
54%
#0868 Fairy Milcery
54%
#0350 Water Milotic
54%
#0241 Normal Miltank
54%
#1008 Electric Dragon Miraidon
54%
#0749 Ground Mudbray
54%
#0258 Water Mudkip
54%
#0750 Ground Mudsdale
54%
#0164 Normal Flying Noctowl
54%
#0964 Water Palafin
54%
#0484 Water Dragon Palkia
54%
#0770 Ghost Ground Palossand
54%
#0536 Water Ground Palpitoad
54%
#0279 Water Flying Pelipper
54%
#0548 Grass Petilil
54%
#0231 Ground Phanpy
54%
#0708 Ghost Grass Phantump
54%
#0499 Fire Fighting Pignite
54%
#0311 Electric Plusle
54%
#1021 Electric Dragon Raging Bolt
54%
#0378 Ice Regice
54%
#0895 Dragon Regidrago
54%
#0894 Electric Regieleki
54%
#0486 Normal Regigigas
54%
#0377 Rock Regirock
54%
#0379 Steel Registeel
54%
#0643 Dragon Fire Reshiram
54%
#0821 Flying Rookidee
54%
#0539 Fighting Sawk
54%
#0586 Normal Grass Sawsbuck
54%
#0664 Bug Scatterbug
54%
#0161 Normal Sentret
54%
#0319 Water Dark Sharpedo
54%
#0492 Grass Shaymin
54%
#0266 Bug Silcoon
54%
#0843 Ground Silicobra
54%
#0773 Normal Silvally
54%
#1013 Grass Ghost Sinistcha
54%
#0854 Ghost Sinistea
54%
#0865 Fighting Sirfetch'd
54%
#0495 Grass Snivy
54%
#0209 Fairy Snubbull
54%
#0363 Ice Water Spheal
54%
#0220 Ice Ground Swinub
54%
#0684 Fairy Swirlix
54%
#0663 Fire Flying Talonflame
54%
#0128 Normal Tauros
54%
#0216 Normal Teddiursa
54%
#0777 Electric Steel Togedemaru
54%
#0468 Fairy Flying Togekiss
54%
#0175 Fairy Togepi
54%
#0176 Fairy Flying Togetic
54%
#0733 Normal Flying Toucannon
54%
#0461 Dark Ice Weavile
54%
#0265 Bug Wurmple
54%
#0681 Steel Ghost Aegislash
50%
#0594 Water Alomomola
50%
#0698 Rock Ice Amaura
50%
#0846 Water Arrokuda
50%
#0610 Dragon Axew
50%
#0371 Dragon Bagon
50%
#0343 Ground Psychic Baltoy
50%
#0354 Ghost Banette
50%
#0689 Rock Water Barbaracle
50%
#0339 Water Ground Barboach
50%
#0847 Water Barraskewda
50%
#0998 Dragon Ice Baxcalibur
50%
#0400 Normal Water Bibarel
50%
#0729 Water Brionne
50%
#0937 Fire Ghost Ceruledge
50%
#0573 Normal Cinccino
50%
#0815 Fire Cinderace
50%
#0864 Ghost Cursola
50%
#0702 Electric Fairy Dedenne
50%
#0585 Normal Grass Deerling
50%
#0483 Steel Dragon Dialga
50%
#0719 Rock Fairy Diancie
50%
#0834 Water Rock Drednaw
50%
#0885 Dragon Ghost Dreepy
50%
#0578 Psychic Duosion
50%
#0557 Bug Rock Dwebble
50%
#0349 Water Feebas
50%
#0963 Water Finizen
50%
#0456 Water Finneon
50%
#0419 Water Floatzel
50%
#0670 Fairy Floette
50%
#0907 Grass Floragato
50%
#0671 Fairy Florges
50%
#0987 Ghost Fairy Flutter Mane
50%
#0909 Fire Fuecoco
50%
#0444 Dragon Ground Gabite
50%
#1000 Steel Ghost Gholdengo
50%
#0203 Normal Psychic Girafarig
50%
#0487 Ghost Dragon Giratina
50%
#0673 Grass Gogoat
50%
#0736 Bug Grubbin
50%
#0326 Psychic Grumpig
50%
#0316 Poison Gulpin
50%
#0430 Dark Flying Honchkrow
50%
#0679 Steel Ghost Honedge
50%
#1019 Grass Dragon Hydrapple
50%
#0635 Dark Dragon Hydreigon
50%
#0097 Psychic Hypno
50%
#0189 Grass Flying Jumpluff
50%
#1007 Fighting Dragon Koraidon
50%
#0401 Bug Kricketot
50%
#0402 Bug Kricketune
50%
#0552 Ground Dark Krokorok
50%
#0553 Ground Dark Krookodile
50%
#0646 Dragon Ice Kyurem
50%
#0428 Normal Lopunny
50%
#0404 Electric Luxio
50%
#0405 Electric Luxray
50%
#0481 Psychic Mesprit
50%
#0200 Ghost Misdreavus
50%
#0429 Ghost Mismagius
50%
#0417 Electric Pachirisu
50%
#0674 Fighting Pancham
50%
#0675 Fighting Dark Pangoro
50%
#0515 Water Panpour
50%
#0511 Grass Pansage
50%
#0513 Fire Pansear
50%
#0504 Normal Patrat
50%
#0247 Rock Ground Pupitar
50%
#0668 Fire Normal Pyroar
50%
#0814 Fire Raboot
50%
#0954 Bug Psychic Rabsca
50%
#0447 Fighting Riolu
50%
#0837 Rock Rolycoly
50%
#0479 Electric Ghost Rotom
50%
#0560 Dark Fighting Scrafty
50%
#0559 Dark Fighting Scraggy
50%
#0985 Fairy Psychic Scream Tail
50%
#0540 Bug Grass Sewaddle
50%
#0410 Rock Steel Shieldon
50%
#0275 Grass Dark Shiftry
50%
#0756 Grass Fairy Shiinotic
50%
#0403 Electric Shinx
50%
#0516 Water Simipour
50%
#0512 Grass Simisage
50%
#0514 Fire Simisear
50%
#0289 Normal Slaking
50%
#0287 Normal Slakoth
50%
#0215 Dark Ice Sneasel
50%
#0903 Poison Fighting Sneasler
50%
#0906 Grass Sprigatito
50%
#0682 Fairy Spritzee
50%
#0874 Rock Stonjourner
50%
#0508 Normal Stoutland
50%
#0185 Rock Sudowoodo
50%
#0277 Normal Flying Swellow
50%
#0642 Electric Flying Thundurus
50%
#0568 Poison Trubbish
50%
#0732 Normal Flying Trumbeak
50%
#0901 Ground Normal Ursaluna
50%
#0217 Normal Ursaring
50%
#0892 Fighting Dark Urshifu
50%
#0640 Grass Fighting Virizion
50%
#0505 Normal Watchog
50%
#0940 Electric Flying Wattrel
50%
#0278 Water Flying Wingull
50%
#0527 Psychic Flying Woobat
50%
#0831 Normal Wooloo
50%
#0194 Water Ground Wooper
50%
#0716 Fairy Xerneas
50%
#0562 Ghost Yamask
50%
#0835 Electric Yamper
50%
#0193 Bug Flying Yanma
50%
#0469 Bug Flying Yanmega
50%
#0717 Dark Flying Yveltal
50%
#0634 Dark Dragon Zweilous
50%
#0718 Dragon Ground Zygarde
50%
#0617 Bug Accelgor
46%
#0591 Grass Poison Amoonguss
46%
#0347 Rock Bug Anorith
46%
#0699 Rock Ice Aurorus
46%
#0760 Normal Fighting Bewear
46%
#0688 Rock Water Binacle
46%
#0438 Rock Bonsly
46%
#0626 Normal Bouffalant
46%
#0761 Grass Bounsweet
46%
#0418 Water Buizel
46%
#0323 Fire Ground Camerupt
46%
#0680 Steel Ghost Doublade
46%
#0206 Normal Dunsparce
46%
#0884 Steel Dragon Duraludon
46%
#0632 Bug Steel Durant
46%
#0603 Electric Eelektrik
46%
#0604 Electric Eelektross
46%
#0589 Bug Steel Escavalier
46%
#0530 Ground Steel Excadrill
46%
#0330 Ground Dragon Flygon
46%
#0590 Grass Poison Foongus
46%
#0996 Dragon Ice Frigibax
46%
#0592 Water Ghost Frillish
46%
#0443 Dragon Ground Gible
46%
#0526 Rock Gigalith
46%
#0207 Ground Flying Gligar
46%
#0969 Rock Poison Glimmet
46%
#0970 Rock Poison Glimmora
46%
#0472 Ground Flying Gliscor
46%
#0706 Dragon Goodra
46%
#0704 Dragon Goomy
46%
#0574 Psychic Gothita
46%
#0576 Psychic Gothitelle
46%
#0575 Psychic Gothorita
46%
#1020 Fire Dragon Gouging Fire
46%
#0711 Ghost Grass Gourgeist
46%
#0440 Normal Happiny
46%
#0701 Fighting Flying Hawlucha
46%
#0612 Dragon Haxorus
46%
#0695 Electric Normal Heliolisk
46%
#0694 Electric Normal Helioptile
46%
#0367 Water Huntail
46%
#0314 Bug Illumise
46%
#0859 Dark Fairy Impidimp
46%
#0588 Bug Karrablast
46%
#0798 Grass Steel Kartana
46%
#0941 Electric Flying Kilowattrel
46%
#0271 Water Grass Lombre
46%
#0294 Normal Loudred
46%
#0457 Water Lumineon
46%
#0296 Fighting Makuhita
46%
#0942 Dark Maschiff
46%
#0284 Bug Flying Masquerain
46%
#0809 Steel Melmetal
46%
#0648 Normal Psychic Meloetta
46%
#0808 Steel Meltan
46%
#0619 Fighting Mienfoo
46%
#0620 Fighting Mienshao
46%
#0755 Grass Fairy Morelull
46%
#0860 Dark Fairy Morgrem
46%
#0877 Electric Dark Morpeko
46%
#0414 Bug Flying Mothim
46%
#0198 Dark Flying Murkrow
46%
#0518 Psychic Musharna
46%
#0177 Psychic Flying Natu
46%
#0826 Bug Psychic Orbeetle
46%
#0741 Varies Flying Oricorio
46%
#0489 Water Phione
46%
#0221 Ice Ground Piloswine
46%
#0261 Dark Poochyena
46%
#0579 Psychic Reuniclus
46%
#0812 Grass Rillaboom
46%
#1005 Dragon Dark Roaring Moon
46%
#0524 Rock Roggenrola
46%
#0537 Water Ground Seismitoad
46%
#0944 Poison Normal Shroodle
46%
#0285 Grass Shroomish
46%
#0227 Steel Flying Skarmory
46%
#0672 Grass Skiddo
46%
#0188 Grass Flying Skiploom
46%
#0300 Normal Skitty
46%
#0451 Poison Bug Skorupi
46%
#0705 Dragon Sliggoo
46%
#0988 Bug Fighting Slither Wing
46%
#0816 Water Sobble
46%
#0759 Normal Fighting Stufful
46%
#0618 Ground Electric Stunfisk
46%
#0434 Poison Dark Stunky
46%
#0192 Grass Sunflora
46%
#0191 Grass Sunkern
46%
#0283 Bug Water Surskit
46%
#0528 Psychic Flying Swoobat
46%
#0276 Normal Flying Taillow
46%
#0787 Grass Fairy Tapu Bulu
46%
#0788 Water Fairy Tapu Fini
46%
#0785 Electric Fairy Tapu Koko
46%
#0786 Psychic Fairy Tapu Lele
46%
#0538 Fighting Throh
46%
#1003 Dark Ground Ting-Lu
46%
#0957 Fairy Steel Tinkatink
46%
#0959 Fairy Steel Tinkaton
46%
#0958 Fairy Steel Tinkatuff
46%
#0948 Ground Grass Toedscool
46%
#0949 Ground Grass Toedscruel
46%
#0748 Poison Water Toxapex
46%
#0848 Electric Poison Toxel
46%
#0454 Poison Fighting Toxicroak
46%
#0849 Electric Poison Toxtricity
46%
#0520 Normal Flying Tranquill
46%
#0328 Ground Trapinch
46%
#0201 Psychic Unown
46%
#0583 Ice Vanillish
46%
#0582 Ice Vanillite
46%
#0584 Ice Vanilluxe
46%
#0288 Normal Vigoroth
46%
#0666 Bug Flying Vivillon
46%
#0178 Psychic Flying Xatu
46%
#0335 Normal Zangoose
46%
#0644 Dragon Electric Zekrom
46%
#0263 Normal Zigzagoon
46%
#0979 Fighting Ghost Annihilape
42%
#0752 Water Bug Araquanid
42%
#0531 Normal Audino
42%
#0713 Ice Avalugg
42%
#0482 Psychic Azelf
42%
#0625 Dark Steel Bisharp
42%
#0286 Grass Fighting Breloom
42%
#0437 Steel Psychic Bronzong
42%
#0436 Steel Psychic Bronzor
42%
#0986 Grass Dark Brute Bonnet
42%
#0779 Water Psychic Bruxish
42%
#0406 Grass Poison Budew
42%
#0794 Bug Fighting Buzzwole
42%
#0331 Grass Cacnea
42%
#0332 Grass Dark Cacturne
42%
#0951 Grass Capsakid
42%
#0851 Fire Bug Centiskorch
42%
#0839 Rock Fire Coalossal
42%
#0638 Steel Fighting Cobalion
42%
#0563 Ghost Cofagrigus
42%
#0534 Fighting Conkeldurr
42%
#0790 Psychic Cosmoem
42%
#0789 Psychic Cosmog
42%
#0488 Psychic Cresselia
42%
#0742 Bug Fairy Cutiefly
42%
#0621 Dragon Druddigon
42%
#0982 Normal Dudunsparce
42%
#0905 Fairy Flying Enamorus
42%
#0890 Poison Dragon Eternatus
42%
#0295 Normal Exploud
42%
#0870 Fighting Falinks
42%
#0926 Fairy Fidough
42%
#0999 Ghost Gimmighoul
42%
#0799 Dark Dragon Guzzlord
42%
#0876 Psychic Normal Indeedee
42%
#0782 Dragon Jangmo-o
42%
#0900 Bug Rock Kleavor
42%
#0707 Steel Fairy Klefki
42%
#0305 Steel Rock Lairon
42%
#0380 Dragon Psychic Latias
42%
#0381 Dragon Psychic Latios
42%
#0264 Normal Linoone
42%
#0943 Dark Mabosstiff
42%
#0473 Ice Ground Mamoswine
42%
#0925 Normal Maushold
42%
#0303 Steel Fairy Mawile
42%
#0262 Dark Mightyena
42%
#0866 Ice Psychic Mr. Rime
42%
#0714 Flying Dragon Noibat
42%
#0715 Flying Dragon Noivern
42%
#0274 Grass Dark Nuzleaf
42%
#0224 Water Octillery
42%
#0921 Electric Pawmi
42%
#0922 Electric Fighting Pawmo
42%
#0923 Electric Fighting Pawmot
42%
#0624 Dark Steel Pawniard
42%
#0795 Bug Fighting Pheromosa
42%
#0803 Poison Poipole
42%
#0710 Ghost Grass Pumpkaboo
42%
#0211 Water Poison Qwilfish
42%
#0743 Bug Fairy Ribombee
42%
#0315 Grass Poison Roselia
42%
#0407 Grass Poison Roserade
42%
#0867 Ground Ghost Runerigus
42%
#0302 Dark Ghost Sableye
42%
#0213 Bug Rock Shuckle
42%
#0353 Ghost Shuppet
42%
#0690 Poison Water Skrelp
42%
#0938 Electric Tadbulb
42%
#0917 Bug Tarountula
42%
#0564 Water Rock Tirtouga
42%
#0535 Water Tympole
42%
#0521 Normal Flying Unfezant
42%
#0480 Psychic Uxie
42%
#0329 Ground Dragon Vibrava
42%
#0738 Bug Electric Vikavolt
42%
#0320 Water Wailmer
42%
#0321 Water Wailord
42%
#0767 Bug Water Wimpod
42%
#0961 Water Wugtrio
42%
#0523 Electric Zebstrika
42%
#0869 Fairy Alcremie
38%
#0962 Flying Dark Bombirdier
38%
#0898 Psychic Grass Calyrex
38%
#0975 Ice Cetitan
38%
#0974 Ice Cetoddle
38%
#0879 Steel Copperajah
38%
#0558 Bug Rock Crustle
38%
#0929 Grass Normal Dolliv
38%
#0825 Bug Psychic Dottler
38%
#0832 Normal Dubwool
38%
#0735 Normal Gumshoos
38%
#0783 Dragon Fighting Hakamo-o
38%
#0297 Fighting Hariyama
38%
#0593 Water Ghost Jellicent
38%
#0600 Steel Klang
38%
#0950 Rock Klawf
38%
#0599 Steel Klink
38%
#0601 Steel Klinklang
38%
#0775 Normal Komala
38%
#0784 Dragon Fighting Kommo-o
38%
#0915 Normal Lechonk
38%
#0510 Dark Liepard
38%
#0754 Grass Lurantis
38%
#0745 Rock Lycanroc
38%
#0687 Dark Psychic Malamar
38%
#0308 Fighting Psychic Medicham
38%
#0307 Fighting Psychic Meditite
38%
#0932 Rock Nacli
38%
#0933 Rock Naclstack
38%
#0804 Poison Dragon Naganadel
38%
#0322 Fire Ground Numel
38%
#0765 Normal Psychic Oranguru
38%
#0904 Dark Poison Overqwil
38%
#1025 Poison Ghost Pecharunt
38%
#0223 Water Remoraid
38%
#0336 Poison Seviper
38%
#0911 Fire Ghost Skeledirge
38%
#0435 Poison Dark Skuntank
38%
#0819 Normal Skwovet
38%
#0928 Grass Normal Smoliv
38%
#0238 Ice Psychic Smoochum
38%
#0325 Psychic Spoink
38%
#0978 Dragon Water Tatsugiri
38%
#0811 Grass Thwackey
38%
#0357 Grass Flying Tropius
38%
#0202 Psychic Wobbuffet
38%
#0413 Bug Varies Wormadam
38%
#0359 Dark Absol
33%
#0190 Normal Aipom
33%
#0424 Normal Ambipom
33%
#0615 Ice Cryogonal
33%
#0967 Dragon Normal Cyclizar
33%
#0927 Fairy Dachsbun
33%
#1011 Grass Dragon Dipplin
33%
#0875 Ice Eiscue
33%
#0830 Grass Eldegoss
33%
#1016 Poison Fairy Fezandipiti
33%
#0753 Grass Fomantis
33%
#0829 Grass Gossifleur
33%
#0449 Ground Hippopotas
33%
#0450 Ground Hippowdon
33%
#0686 Dark Psychic Inkay
33%
#0818 Water Inteleon
33%
#0891 Fighting Kubfu
33%
#0920 Bug Dark Lokix
33%
#0370 Water Luvdisc
33%
#0793 Rock Poison Nihilego
33%
#0919 Bug Nymble
33%
#1017 Grass Ogerpon
33%
#0916 Normal Oinkologne
33%
#0476 Rock Steel Probopass
33%
#0744 Rock Rockruff
33%
#0627 Normal Flying Rufflet
33%
#0850 Fire Bug Sizzlipede
33%
#0235 Normal Smeargle
33%
#0828 Dark Thievul
33%
#0763 Grass Tsareena
33%
#0602 Electric Tynamo
33%
#0976 Water Psychic Veluza
33%
#0360 Psychic Wynaut
33%
#0796 Electric Xurkitree
33%
#0734 Normal Yungoos
33%
#0888 Fairy Zacian
33%
#0889 Fighting Zamazenta
33%
#0893 Dark Grass Zarude
33%
#0807 Electric Zeraora
33%
#0571 Dark Zoroark
33%
#0570 Dark Zorua
33%
#0606 Psychic Beheeyem
29%
#0781 Ghost Grass Dhelmise
29%
#0605 Psychic Elgyem
29%
#0955 Psychic Flittle
29%
#0533 Fighting Gurdurr
29%
#0352 Normal Kecleon
29%
#0800 Psychic Necrozma
29%
#0827 Dark Nickit
29%
#1014 Poison Fighting Okidogi
29%
#0968 Steel Orthworm
29%
#0766 Fighting Passimian
29%
#0966 Steel Poison Revavroom
29%
#0561 Psychic Flying Sigilyph
29%
#0532 Fighting Timburr
29%
#0965 Steel Poison Varoom
29%
#1001 Dark Grass Wo-Chien
29%
#0899 Normal Psychic Wyrdeer
29%
#0878 Steel Cufant
25%
#0862 Dark Normal Obstagoon
25%
#0771 Water Pyukumuku
25%
#0746 Water Wishiwashi
25%
#0299 Rock Nosepass
21%
No matching quizzes found
Score Distribution
Percent of People with Each Score
Percentile by Number Answered
Your Score History
You have not taken this quiz since the last reset